Lun yu ji jie /
Saved in:
| Other Authors: | |
|---|---|
| Format: | Book |
| Language: | Chinese |
| Published: |
Taibei,
[Min guo 55 i.e. 1966]
|
| Series: | Wu qiu bei zhai Lun yu ji cheng ;
10. |
| Subjects: | |
| Tags: |
Add Tag
No Tags, Be the first to tag this record!
|
| LEADER | 01394cam a2200349ui 4500 | ||
|---|---|---|---|
| 001 | 007722149-4 | ||
| 005 | 20024617111505.0 | ||
| 008 | 960723r19661365ch 000 0 chi d | ||
| 035 | 0 | |a ocm35126520 | |
| 040 | |a PPiU |c PPiU |d *YNH* |d CStRLIN | ||
| 245 | 0 | 0 | |6 880-01 |a Lun yu ji jie / |c Yan Lingfeng bian ji. |
| 260 | |6 880-02 |a Taibei, |c [Min guo 55 i.e. 1966] | ||
| 300 | |a 3 v. (double leaves) in case. | ||
| 490 | 1 | |6 880-03 |a Wu qiu bei zhai Lun yu ji cheng ; |v 10 | |
| 500 | |6 880-04 |a Zheng ping kan. | ||
| 500 | |6 880-05 |a (In Yan Lingfeng bian ji Wu qiu bei zhai Lun yu ji cheng v. 12-14) | ||
| 500 | |6 880-06 |a Facsimile reproduction of Riben Zhengping 19 [1365] kan ben. | ||
| 600 | 0 | 0 | |6 880-07 |a Confucius. |t Lun yu. |
| 650 | 0 | |a Chinese classics. | |
| 700 | 1 | |6 880-08 |a Yan, Lingfeng, |d 1904- |e comp. | |
| 880 | 0 | 0 | |6 245-01 |a 論語集解 / |c 嚴靈峯編輯. |
| 880 | |6 260-02 |a 台北, |c [民國55 i.e. 1966] | ||
| 880 | 1 | |6 490-03 |a 無求備齋論語集成 ; |v 10 | |
| 880 | |6 500-04 |a 正平刊. | ||
| 880 | |6 500-05 |a (In 嚴靈峯編輯 無求備齋論語集成 v. 12-14) | ||
| 880 | |6 500-06 |a Facsimile reproduction of 日本正平19 [1365]刋本. | ||
| 880 | 0 | 0 | |6 600-07 |a Confucius. |t 論語. |
| 880 | 1 | |6 700-08 |a 嚴靈峯, |d 1904- |e comp. | |
| 830 | 0 | |6 880-53 |a Wu qiu bei zhai Lun yu ji cheng ; |v 10. | |
| 880 | 0 | |6 830-53 |a 無求備齋論語集成 ; |v 10. | |
| 988 | |a 20021109 | ||
| 906 | |0 OCLC | ||


